00577nam a22001457a 4500008004100000082001600041100002400057245010100081260002100182300000900203942001200212999001500224952009600239952009600335230612b xxu||||| |||| 00| 0 eng d a354.62bGOK cGovernment of Kenya aReport of the Public Accounts Committee on the Government of Kenya Accounts for the year 2007/08 aKenyabGOKc2008 a670p 2ddccBK c1063d1063 00102ddc4070a001b001d2023-06-12l0o354.62 GOKp100001517r2023-06-12w2023-06-12yBK 00102ddc4070a001b001d2023-06-12l0o354.62 GOKp100001516r2023-06-12w2023-06-12yBK